Die wichtigsten Nutzpflanzen der Welt - Statistiken

Allgemein
  • Dieses Quiz wurde 425 mal gespielt
  • Das Durchschnittsergebnis liegt bei 53 aus 137
Antwortstatistiken
Hinweis Antwort weltweiter Jahresertrag in Tonnen (2021) % Korrekt
Getreide, Süßgräser Weizen 770.877.072,89
97%
Rosengewächs Äpfel 93.144.358,17
88%
Getreide, Süßgräser Mais 1.210.235.135,14
88%
Nachtschattengewächs Kartoffeln 376.119.974,39
86%
Getreide, Süßgräser Reis 787.293.867,41
84%
Ingwerartige Bananen 124.978.578,48
80%
Ingwerartige Kochbananen 45.321.642,98
80%
Rosengewächs Birnen 25.658.713,07
79%
Nachtschattengewächs Tomaten 189.133.955,04
79%
Steinfrucht, Palmengewächs Kokosfaser 1.287.624,32
77%
Steinfrucht, Palmengewächs Kokosnüsse 63.683.595,36
77%
Fruchtgemüse Kürbisse 23.783.936,41
77%
Getreide, Süßgräser Gerste 145.623.914,47
76%
Doldenblütler Karotten und Rüben 41.666.714,44
76%
Getreide, Süßgräser Roggen 13.223.426,33
74%
Rosengewächs Erdbeeren 9.175.384,43
73%
Kürbisgewächs Gurken 93.528.796,00
73%
Nachtschattengewächs Chilischoten und Paprikas 41.125.952,94
72%
Rautengewächs Orangen 75.567.951,83
70%
Kürbisgewächs Cantaloupe- und andere Melonen 28.617.598,39
69%
Hülsenfrucht Erbsen 32.933.281,17
69%
Getreide, Süßgräser Hafer 22.571.618,53
69%
Hülsenfrüchtler Straucherbsen 5.477.110,86
69%
Lauchgewächs Zwiebeln und Schalotten 111.154.618,87
69%
Hülsenfrucht Bohnen 51.126.196,36
68%
Hülsenfrucht Brechbohnen 1.310.002,11
68%
Rosengewächs Himbeeren 886.538,58
68%
Wurzel (Namensgeber der Ordnung und der Familie) Ingwer 4.895.972,32
65%
Buchenartige Walnüsse 3.500.172,86
64%
Kreuzblütler Kohl 71.707.238,96
63%
Amaryllisgewächs Lauch 2.213.183,35
63%
Kreuz- und Korbblütler Salat und Chicorée 27.011.747,55
63%
Rautengewächs Zitronen und Limetten 20.828.739,39
62%
Hülsenfrucht Erdnüsse 53.926.894,17
61%
Rosengewächs Kirschen 2.732.413,19
60%
Rosengewächs Sauerkirschen 1.514.664,81
60%
Hülsenfrucht Sojabohnen 371.693.592,66
59%
Birkengewächs Haselnüsse 1.077.117,10
58%
Heidekrautgewächs Heidelbeeren 1.113.260,60
58%
Kreuzblütler Raps 71.333.434,68
58%
Obst (Namensgeber der Ordnung und der Familie) Weintrauben 73.524.196,23
57%
Sumachgewächs Mangos, Guaven und Mangostane 57.011.282,78
56%
Rosengewächs Pflaumen und Schlehdorn 12.014.481,73
56%
Rosengewächs Pfirsiche und Nektarinen 24.994.352,05
55%
Ölbaumgewächs Oliven 23.054.310,60
53%
Bromeliengewächs Ananas 28.647.865,69
52%
Rautengewächs Mandarinen und Klementine 41.950.301,66
52%
Gräser, Süßgräser Zuckerrohr 1.859.390.044,30
52%
Gewürz (Namensgeber der Ordnung und der Familie) Pfeffer 793.817,98
51%
Lauchgewächs Knoblauch 28.204.854,32
49%
Gemüse (Namensgeber der Ordnung und der Familie) Spargel 8.501.442,93
49%
Stachelbeergewächs Johannisbeeren 728.730,08
48%
Strahlengriffelgewächs Kiwis 4.467.099,33
48%
Korbblütler Sonnenblumensamen 58.185.633,69
48%
Malvengewächs Kakaobohnen 5.580.432,37
47%
Lorbeergewächs Avocados 8.685.672,44
46%
Fuchsschwanzgewächs Zuckerrüben 270.156.001,24
46%
Getreide, Süßgräser Foniohirse 664.428,79
45%
Getreide, Süßgräser Hirse 30.089.625,23
45%
Hülsenfrüchtler Linsen 5.610.103,65
45%
Getreide, Süßgräser Sorghumhirsen 61.364.996,82
45%
Nachtschattengewächs Auberginen 58.646.098,21
44%
Palmengewächs Datteln 9.656.377,75
44%
Kreuzblütler Blumenkohl und Brokkoli 25.843.741,37
43%
Pilze (keine Pflanzen) Pilze und Trüffel 44.207.117,25
43%
Rötegewächs Kaffeebohnen 9.917.257,69
42%
Doldenblütler Anis, Koriander, Kümmel, Fenchel, Wacholderbeeren (Zypressengewächs) 2.698.095,59
41%
Rosenartige Hanf 287.318,37
39%
Rosenartige Hanfsamen 5.566,02
39%
Windengewächs Süßkartoffeln 88.867.913,29
39%
Rosengewächs Aprikosen 3.578.412,14
37%
Rosengewächs Mandeln 3.993.998,06
37%
Melonenbaumgewächs Papayas 14.097.721,35
37%
Leingewächs Flachsfaser 896.636,43
35%
Kürbisgewächs Wassermelonen 101.634.719,70
34%
Sumachgewächs Cashewäpfel 1.363.452,62
33%
Sumachgewächs Cashewnüsse 3.708.153,12
33%
Leingewächs Leinsamen 3.339.145,18
33%
Myrtengewächs Gewürznelken 186.969,31
32%
Rautengewächs Pampelmusen und Grapefruits 9.556.999,07
32%
Steinbrechartige Stachelbeeren 91.017,56
32%
Maulbeergewächs Feigen 1.348.254,74
30%
Lorbeergewächs Zimt 226.752,81
30%
Orchidee Vanille 6.888,21
29%
Buchenartige Kastanien, Maronen 2.269.923,97
28%
Hahnenfußartige Mohn 23.670,70
28%
Steinfrucht, Palmengewächs Ölpalmenfrucht 416.396.560,39
28%
Fuchsschwanzgewächs Spinat 32.294.452,30
28%
Malvengewächs Baumwolle 73.736.194,13
27%
Heidekrautartige Teeblätter 28.191.556,18
25%
Hülsenfrüchtler Kichererbsen 15.871.845,65
24%
Lippenblütler Pfefferminze, grüne Minze 37.987,70
24%
Lippenblütlerartige, Ölpflanze Sesamkörner 6.354.477,08
22%
Wolfsmilchgewächs Maniok 314.806.747,63
21%
Sumachgewächs Pistazien 915.717,92
20%
Wolfsmilchgewächs Maniokblätter 86.574,72
19%
Magnolienartige, Ingwergewächs Muskatnüsse. Kardamom 146.952,34
19%
Spargelgewächs Sisal 220.372,63
17%
Heidekrautgewächs Moosbeeren (Cranberries) 495.172,83
16%
Spargelgewächs Agavenfasern 40.742,57
15%
Knöterichgewächs Buchweizen 1.875.067,97
15%
Fuchsschwanzgewächs Quinoa 147.037,78
15%
Nachtschattengewächs Tabak 5.888.763,52
15%
Ebenholzgewächs Kakis 4.332.166,55
14%
Topffruchtbaumgewächs Paranüsse 73.795,56
14%
Korbblütler Artischocken 1.470.332,21
13%
Kreuzblütler Senfsamen 532.769,12
13%
Wolfsmilchgewächs Naturkautschuk 14.021.987,53
11%
Wurzel Yams 75.142.630,14
11%
Rosengewächs Quitten 697.562,60
10%
Korbblütler Chicoréewurzeln 32.176,95
9%
Korbblütler Färberdistelsamen 631.051,60
8%
Malvengewächs Okra 10.822.248,74
8%
Hülsenfrüchtler Lupinen 1.384.963,65
7%
Getreidekreuzung, Süßgräser Triticale 14.846.162,66
6%
Hülsenfrüchtler Ackerbohnen 7.689.779,37
5%
Malvengewächs Jute 3.457.634,23
4%
Hülsenfrüchtler Johannisbrotschote (Karube) 51.906,58
3%
Malvengewächs Kolanüsse 311.331,44
3%
Stechpalmengewächs Mateblätter 1.515.231,05
3%
Aronstabgewächs Taro 12.396.248,50
2%
Bananengewächs Abacá (Manilahanf) 107.309,23
1%
Hülsenfrüchtler Augenbohnen 8.986.191,25
1%
Hülsenfrüchtler Bambara-Erdnüsse 239.607,10
1%
Palmengewächs Betelnüsse 2.434.584,00
1%
Nelkenartige, Simmondsia Jojobasamen 140,07
1%
Süßgräser Kanariengras 217.399,76
1%
Malvengewächs Kapokfrüchte 280.970,94
1%
Sapotengewächs Kariténüsse (Sheanüsse) 811.370,30
1%
Malvengewächs Kenaf und andere textile Bastfasern 229.485,78
1%
Wolfsmilchgewächs Rizinussamen 1.861.700,20
1%
Wolfsmilchgewächs Talgbaumsamen 1.039.312,47
1%
Aronstabgewächs Tannia 378.774,11
1%
Wolfsmilchgewächs Tungsamen 453.632,44
1%
Hülsenfrüchtler Wicken 626.254,96
1%
Korbblütler Wucherblumen 6.082,97
1%
Brennnesselgewächs Ramie (Chinagras) 10.138,40
0%
Keine übereinstimmenden Quizze gefunden
Verteilung der Resultate
Anzahl Personen mit jedem Resultat
Perzentil nach korrekt beantworteten Fragen
Ihre Resultats-Entwicklung
Sie haben dieses Quiz noch nicht gespielt